[Event "AUT-ch U10"]
[Site "St Kanzian"]
[Date "2019.06.23"]
[Round "7"]
[White "Bieber, Felix"]
[Black "Dichtl, Maximilian"]
[Result "0-1"]
[WhiteElo "1015"]
[BlackElo "1010"]
[PlyCount "68"]
[EventDate "2019.06.21"]
[EventType "swiss"]
[EventRounds "7"]
[EventCountry "AUT"]
[SourceTitle "CBM 191 Extra"]
[Source "ChessBase"]
[SourceDate "2019.09.30"]
[SourceVersion "1"]
[SourceVersionDate "2019.09.30"]
[SourceQuality "1"]

1. e4 e5 2. Nf3 Nc6 3. Nc3 Nf6 4. Bc4 Bc5 5. d3 d6 6. 0-0 Bg4 7. Bg5 Nd4 8. Ne2 Bxf3 9. gxf3 Nxf3+ 10. Kh1 Nxg5 11. Rg1 h6 12. Ng3 Bxf2 13. Rg2 Bxg3 14. Rxg3 Qe7 15. Bb5+ c6 16. Ba4 0-0 17. Qe2 Rad8 18. Rf1 b5 19. Bb3 d5 20. exd5 cxd5 21. d4 e4 22. c3 a6 23. Bc2 Rc8 24. b3 Qd7 25. Qg2 a5 26. b4 axb4 27. cxb4 Qc7 28. Rc1 Nh5 29. Rh3 Nf4 30. Qg3 Nfxh3 31. Qxc7 Rxc7 32. a4 bxa4 33. Bxa4 Rxc1+ 34. Kg2 Rg1# 0-1

[Event "AUT-ch U10"]
[Site "St Kanzian"]
[Date "2019.06.22"]
[Round "5"]
[White "Bieber, Felix"]
[Black "Arndorfer, Yanis"]
[Result "0-1"]
[WhiteElo "1015"]
[BlackElo "1136"]
[PlyCount "52"]
[EventDate "2019.06.21"]
[EventType "swiss"]
[EventRounds "7"]
[EventCountry "AUT"]
[SourceTitle "CBM 191 Extra"]
[Source "ChessBase"]
[SourceDate "2019.09.30"]
[SourceVersion "1"]
[SourceVersionDate "2019.09.30"]
[SourceQuality "1"]

1. e4 e5 2. Nf3 Nc6 3. Nc3 Nf6 4. Bc4 Nxe4 5. Nxe4 d5 6. Bd3 dxe4 7. Bxe4 Bd7 8. 0-0 Bd6 9. d3 0-0 10. Bg5 Qe8 11. Bxc6 Bxc6 12. Re1 h6 13. Bh4 Qe6 14. d4 e4 15. Ne5 Bxe5 16. dxe5 Qxe5 17. Bg3 Qe7 18. f3 f5 19. c3 f4 20. Qb3+ Kh8 21. Bf2 e3 22. Bh4 Qxh4 23. g3 fxg3 24. hxg3 Qxg3+ 25. Kf1 Qxf3+ 26. Kg1 Qg2# 0-1